| Поле | Инд. | ПП | Название | Значение |
|---|---|---|---|---|
| Тип записи | a | |||
| Библиографический уровень | m | |||
| 001 | Контрольный номер | UNIDUBNA423878d9ebd34e1caad90a089451fdcc | ||
| 005 | Дата корректировки | 20260423094010.2 | ||
| 008 | Кодируемые данные | 20120911 | ||
| 017 | a | Номер регистрации авт. права | Акт приемки-передачи Произведения № 14/2025,№ 14/2025/1,№ 14/2025/2, № 14/2025/3 от 14.07.2025 | |
| 020 | a | ISBN | 978-5-89847-737-0 | |
| 040 | b | Код языка каталог. | rus | |
| e | Правила каталог. | PSBO | ||
| 041 | 0_ | a | Код языка текста | rus |
| 084 | a | Индекс другой классификации/Индекс ББК | 32.973.14я73 | |
| 090 | a | Полочн. индекс | 32.973.14я73 | |
| x | Авторский знак | П 18 | ||
| 100 | 1_ | a | Автор | Айриян А. С. |
| q | Полное имя | Айриян Александр Сержикович | ||
| 100 | 1_ | a | Автор | Башашин М. В. |
| q | Полное имя | Башашин Максим Викторович | ||
| 100 | 1_ | a | Автор | Земляная Е. В. |
| q | Полное имя | Землянова Елена Валерьевна | ||
| 100 | 1_ | a | Автор | Стрельцова О. И. |
| q | Полное имя | Стрельцова Оксана Ивановна | ||
| 245 | 10 | a | Заглавие | Параллельное программирование на основе технологии MPI |
| b | Продолж. заглавия | учебное пособие | ||
| c | Ответственность | Государственный университет "Дубна". Институт системного анализа и управления. Кафедра распределенных информационно-вычислительных систем; редактор Е. А. Жигулева; рецензент Т. Ф. Сапожникова | ||
| 260 | a | Место издания | Дубна | |
| b | Издательство | Государственный университет "Дубна" | ||
| c | Дата издания | 2025 | ||
| 300 | a | Объем | 86 с. | |
| 336 | a | Термин вида содержания | Текст | |
| 337 | a | Термин типа средства | непосредственный + электронный | |
| 521 | 0_ | a | Примеч. о целев. назн. | студенты |
| 650 | 14 | a | Основная рубрика | вычислительная техника |
| a | Основная рубрика | параллельное программирование | ||
| a | Основная рубрика | программирование | ||
| a | Основная рубрика | системное программирование | ||
| 653 | 0_ | a | Ключевые слова | HybriLIT (вычислительная платформа) |
| a | Ключевые слова | MPI-обмены | ||
| a | Ключевые слова | MPI-программирование | ||
| a | Ключевые слова | MPI-процедуры | ||
| a | Ключевые слова | распределенные вычисления | ||
| 655 | a | Жанр/ форма (устаревшее) | учебное пособие | |
| 720 | a | Наименование подборки | СЭБ5 | |
| e | Признак/вид подборки | Тематические подборки | ||
| 856 | 40 | a | Имя сервера/домена | Библиотечная система Университета "Дубна" |
| d | Путь | http://lib.uni-dubna.ru/MegaPRO/Web | ||
| i | Указания/сценарий входа | Доступ по номеру читательского билета и фамилии читателя | ||
| y | Справочный текст | Электронная версия | ||
| u | URL | https://lib.uni-dubna.ru/MegaPRO/UserEntry?Action=FindDocs&ids=184077&idb=ec_110 | ||
| 856 | 40 | a | Имя сервера/домена | ЭБС "Лань" |
| d | Путь | http://e.lanbook.com/ | ||
| i | Указания/сценарий входа | Доступ по логину и паролю | ||
| u | URL | https://e.lanbook.com/book/516047 | ||
| v | Время доступа к ресурсу | 10.04.2026 | ||
| y | Справочный текст | Электронная версия | ||
| 900 | a | Имя электронного ресурса | akt_14_2025_Ayriyan | |
| 900 | a | Имя электронного ресурса | akt_14_2025_Bahahin1 | |
| 900 | a | Имя электронного ресурса | akt_14_2025_Zemlyanaya2 | |
| 900 | a | Имя электронного ресурса | akt_14_2025_Strelchova3 | |
| 900 | a | Имя электронного ресурса | obl_Ayriyan_Paralelnoe | |
| x | Справочная информация | Обложка | ||
| 900 | a | Имя электронного ресурса | Ayriyan_Paralelnoe | |
| x | Справочная информация | Полный текст | ||
| 901 | t | Тип документа | m | |
| 952 | a | Тип литературы для КСУ ВШ | УИ | |
| 954 | a | Гриф | 4.50.10 |